Comparative plant virology (Record no. 68583)

MARC details
000 -LEADER
fixed length control field 00573nam a22001817a 4500
005 - DATE AND TIME OF LATEST TRANSACTION
control field 2010111007207.0
008 - FIXED-LENGTH DATA ELEMENTS--GENERAL INFORMATION
fixed length control field 101110t xxu||||| |||| 00| 0 eng d
080 ## - UNIVERSAL DECIMAL CLASSIFICATION NUMBER
Universal Decimal Classification number 578
Item number HUL
100 ## - MAIN ENTRY--PERSONAL NAME
Personal name Hull, Roger
245 ## - TITLE STATEMENT
Title Comparative plant virology
300 ## - PHYSICAL DESCRIPTION
Extent xvi, 376p.
653 ## - INDEX TERM--UNCONTROLLED
Uncontrolled term Plant viruses
-- Virology -Plant
942 ## - ADDED ENTRY ELEMENTS (KOHA)
item type Books
260 ## - PUBLICATION, DISTRIBUTION, ETC. (IMPRINT)
Place of publication, distribution, etc Burlington
Name of publisher, distributor, etc Elsevier
Date of publication, distribution, etc 2009
250 ## - EDITION STATEMENT
Edition statement 2nd ed.
020 ## - INTERNATIONAL STANDARD BOOK NUMBER
International Standard Book Number 9780123741547
260 ## - PUBLICATION, DISTRIBUTION, ETC. (IMPRINT)
-- 13746
Holdings
Lost status Source of classification or shelving scheme Not for loan Home library Current library Shelving location Date acquired Total Checkouts Full call number Barcode Date last seen Date checked out Price effective from Koha item type
  Universal Decimal Classification   University Library University Library General Stacks 10/11/2010 4 578 HUL 00064015 12/10/2015 03/10/2015 10/11/2010 Books
University Library, CUSAT